000 00736nam a2200289Ia 4500
005 20260324134228.0
008 008 260324s9999 xx 000 0 eng d
020 _a9780203011317
037 _aEBOOK
040 _aCRL
040 _beng
040 _cCRL
041 _2eng
041 _aeng
084 _qCRL
100 _aRichard Tapper; Keith McLachlan
_91196047
245 0 _aTechnology, Tradition and Survival
245 0 _bAspects of Material Culture in the Middle East and Central Asia
260 _bTaylor and Francis
260 _c2002
365 _a
365 _b47.99
856 _uhttp://www.taylorfrancis.com/books/9780203011317
942 _cEBOOK
999 _c1795887
_d1795887